• 首页
  • 本馆介绍
  • 公告通知
  • 最新文献
  • 馆藏检索
  • 电子资源
  • 读者导购
  • 参考咨询
  • 我的图书馆
  • 登录
  • 详细信息显示
  • 放入我的书架
  • 预约/预借图书
  • 作者相关作品
  • 分类相关作品
  • 丛书相关作品
  • 出版社相关作品

书目信息

  • 表格格式
  • 工作单格式
  • 卡片格式
题名:
广告的心理原理
    
 
作者: 杨中芳 著
分册:  
出版信息: 北京   中国轻工业出版社  1999
页数: 300页
开本: 20cm
丛书名: 新向导丛书
单 册:
中图分类: F713.8 , B849
科图分类:
主题词: 广告心理学 , 应用心理学
电子资源:
ISBN: 7-5019-2400-7
000 00781nam2 2200265 450
001 1534268007
005 20150126093141.62
010    @a7-5019-2400-7@dCNY22.00
100    @a20021005d1999 em y0chiy0110 ea
101 0  @achi
102    @aCN@b110000
105    @af z 000yy
200 1  @a广告的心理原理@9guang gao de xin li yuan li@e广告背后的心理历程@f杨中芳著
210    @a北京@c中国轻工业出版社@d1999
215    @a300页@c图@d20cm
225 2  @a新向导丛书@i大众心理系列
461  0 @12001 @a新向导丛书
517 1  @a广告背后的心理历程@9guang gao bei hou de xin li li cheng
606 0  @a广告心理学
606 0  @a应用心理学
690    @aF713.8@v5
690    @aB849@v4
701  0 @a杨中芳@9yang zhong fang@4著
801  0 @aCN@bTSSF@c20150126
905    @aZUCC@dB849@eJY926
    
    广告的心理原理:广告背后的心理历程/杨中芳著.-北京:中国轻工业出版社,1999
    300页:图;20cm.-(新向导丛书.大众心理系列)
    
    
    ISBN 7-5019-2400-7:CNY22.00
    
●
相关链接 在E读中查询图书 在五车中查询图书 在当当中查询图书 在豆瓣中查询图书


正题名:广告的心理原理     索取号:B849/JY926         预约/预借

序号 登录号 条形码 馆藏地/架位号 状态 备注
1 7845102   278451024   学院路分馆/ [索取号:B849/JY926] 在馆    
唐山师范学院图书馆 欢迎您!
大连网信软件有限公司© 版权所有